000 00559nam a22002177a 4500
003 SISC
005 20160309094121.0
008 130723t xxu||||| |||| 00| 0 eng d
020 _a1853261424
050 _aPS 3358.W6
_b.C774 1994
082 _aCLA C77w
_b1994
100 _aCoolidge, Susan
_92848
245 _aWhat Katy did at school /
_cSusan Coolidge.
260 _aHertfordshire :
_bWordsworth Classics,
_c1994.
300 _a192 p.
_c18 cm.
562 _e2
650 _aFiction
_9746
942 _2lcc
_cBK
999 _c7433
_d7433